| 000 | 01057nam a22002297a 4500 | ||
|---|---|---|---|
| 999 |
_c62732 _d62732 |
||
| 003 | Ge_BSU | ||
| 005 | 20250203120234.0 | ||
| 008 | 250203s2014 ge ||||| |||| 00| 0 geo d | ||
| 020 | _a9789941066382 | ||
| 041 | _ageo | ||
| 080 | _a94(=353.1)(560) + 821.353.1-94 ო-74 | ||
| 100 |
_aოსმანაღაოღლუ, უმით _924224 |
||
| 245 |
_aლაზი ვორე / _cუმით ოსმანაღაოღლუ; წინათქმა გიორგი ანდრიაძე. |
||
| 264 |
_aთბ., _c2014. |
||
| 300 |
_a134 გვ. : _bფოტ. ; _c20 სმ. |
||
| 500 | _aფოტომასალა: გვ. 124-134. | ||
| 653 | _aლაზეთის ისტორია | ||
| 653 | _aლაზური წეს-ჩვეულებები | ||
| 653 | _aსაქართველო-თურქეთის ურთიერთობების ისტორია | ||
| 700 |
_aანდრიაძე, გიორგი _eწინათქმა _921744 |
||
| 942 |
_2udc _cᲬᲘᲒᲜᲘ |
||